| 000 | 00839cam a22002778i 4500 | ||
|---|---|---|---|
| 001 | SSB053100 | ||
| 003 | PILC | ||
| 005 | 20150807100911.0 | ||
| 008 | 131025s2015 nyu b 001 0 eng | ||
| 010 | _a2013041024 | ||
| 020 | _a9781259095658 (pbk.) | ||
| 040 |
_aDLC _beng _cDLC _erda _dDLC |
||
| 042 | _apcc | ||
| 050 | 0 | 0 |
_aHF 5718 _b.L796 2015 |
| 100 | 1 | _aLocker, Kitty O. | |
| 245 | 1 | 0 |
_aBusiness and administrative communication / _cKitty O. Locker. |
| 250 | _a11th edition. | ||
| 260 |
_aNew York, NY : _bMcGraw-Hill Education, _c2015. |
||
| 263 | _a1501. | ||
| 300 |
_axl, 726 pages : _bcolor illustrations ; _c28 cm. |
||
| 500 | _aIncludes bibliographical references and index. | ||
| 650 | 0 | _aBusiness communication. | |
| 650 | 0 | _aCommunication in management. | |
| 700 | 1 | _aKienzler, Donna S. | |
| 942 |
_2lcc _cBK _kFOR |
||
| 999 |
_c288372 _d288372 |
||